| 000 | 01265cab a2200265 4500 | ||
|---|---|---|---|
| 001 | X1638 | ||
| 008 | 090401t1994 xxu||||| |||| 00| 0 eng d | ||
| 035 | _a(Sirsi) u18302 | ||
| 041 | _aeng | ||
| 245 | _aCroydon LBC and Gladden | ||
| 260 | _c1994 | ||
| 350 | _a0 | ||
| 490 |
_aPlanning Appeal Decisions _v(1994) 9 PAD 418-427(10) |
||
| 520 | _aDecision letter 29 March 1994. Enforcement notice - fibreglass fish on roof - visual amenities - attracting sightseers - amenities and privacy of neighbours - free flow of traffic - application for retention - residential area - 4.3m long marlin - 6.3m above ground - development plans - district plan - no policies specifically applicable to larg ornamental fish - whether likely precedent - illumunation of fish - other replicas at appeal site in the past - different from `Oxford Shark` - inapplicability of GDO - tenporary consent - conditions. | ||
| 650 | _aDOE CIRCULAR 01/1985 | ||
| 650 | _aENFORCEMENT NOTICE | ||
| 650 | _aFIBREGLASS FISH | ||
| 650 | _aGENERAL DEVELOPMENT ORDER | ||
| 650 | _aPLANNING AND COMPENSATION ACT 1991 | ||
| 650 | _aPLANNING APPEAL | ||
| 650 | _aTOWN AND COUNTRY PLANNING ACT 1990 | ||
| 690 | _aPLANNING LAW AND PRACTICE-CASE LAW | ||
| 942 | _n0 | ||
| 948 | _c04/03/1997 | ||
| 999 |
_c12148 _d12148 |
||